| 000 | 01771cam a22005174i 4500 | ||
|---|---|---|---|
| 003 | PE-LiUPU | ||
| 005 | 20250731180132.0 | ||
| 008 | 150625s r 000 0 d | ||
| 020 | _a9580483647 | ||
| 035 | _a(Sirsi) i9789580483649 | ||
| 040 |
_aPE-LiUPU _bspa _cPE-LiUPU _erda |
||
| 082 | 0 | 4 |
_a551.5253 _bM82 _221 |
| 245 | 0 | 3 |
_aEl cambio climático : _bcrónicas desde las zonas de riesgo del planeta / _cJim Motavalli (compilador) ; [traducción de Yolanda Fontal]. |
| 264 | 1 |
_aBarcelona : _bPaidós, _c2005. |
|
| 300 |
_a271 páginas : _bilustraciones, fotos ; _c22 cm. |
||
| 336 |
_atext _2rdacontent |
||
| 337 |
_aunmediated _2rdamedia |
||
| 338 |
_avolume _2rdacarrier |
||
| 490 | 0 |
_aPaidós Controversias ; _v12 |
|
| 504 | _aIncluye referencias bibliográficas. | ||
| 505 | 0 | _aImpactos humanos. -Ecosistemas con problemas. | |
| 526 | _aSEG44 | ||
| 526 | _aSEG26 | ||
| 526 | _aP159 | ||
| 526 | _aP155 | ||
| 526 | _aP154 | ||
| 526 | _aP153 | ||
| 526 | _aP150 | ||
| 526 | _aP100 | ||
| 526 | _aP31 | ||
| 526 | _aP30 | ||
| 526 | _aP26 | ||
| 526 | _aP25 | ||
| 526 | _aP24 | ||
| 526 | _aP22 | ||
| 526 | _aP15 | ||
| 526 | _aP10 | ||
| 541 | _g001-023588; | ||
| 650 | 0 | 4 |
_aCalentamiento global _xAspectos ambientales. |
| 700 | 1 |
_aMotavalli, Jim, _ecompilador. |
|
| 910 | _agl20060221 | ||
| 942 |
_2ddc _cBOOK |
||
| 949 |
_a551.5253 M82 _wDEWEY _c1 _i56137 _lCCODEBUL1 _mBUL _p26.00 _r0 _sY _tBOOK _u2015-06-25 _xINGENIERIA _PP24 _0COMPRA _o.STAFF. Colección General |
||
| 596 | _a1 | ||
| 999 |
_a551.5253 M82 _wDEWEY _c45339 _i56137 _d45339 _e2017-4-6 _f2021-11-9 _g7 _lCCODEBUL1 _mBUL _n8 _p26.00 _q1 _r0 _sY _tBOOK _u2015-6-25 _xINGENIERIA _PP24 _0COMPRA _o.STAFF. Colección General |
||
| 980 |
_81 _gALBERTO SANCHEZ Responsable de Automatización |
||